|
|
|
|
| LEADER |
02110nam a2200433 i 4500 |
| 001 |
EBC1790718 |
| 003 |
MiAaPQ |
| 005 |
20200520144314.0 |
| 006 |
m o d | |
| 007 |
cr cnu|||||||| |
| 008 |
140927t20142014dcua o 000 0 eng d |
| 020 |
|
|
|z 9781498347174
|
| 020 |
|
|
|a 9781498327299
|q (electronic bk.)
|
| 035 |
|
|
|a (MiAaPQ)EBC1790718
|
| 035 |
|
|
|a (Au-PeEL)EBL1790718
|
| 035 |
|
|
|a (CaPaEBR)ebr10933651
|
| 035 |
|
|
|a (CaONFJC)MIL645401
|
| 035 |
|
|
|a (OCoLC)891446767
|
| 040 |
|
|
|a MiAaPQ
|b eng
|e rda
|e pn
|c MiAaPQ
|d MiAaPQ
|
| 043 |
|
|
|a f-cg---
|
| 050 |
|
4 |
|a HC591.C6
|b .I584 2014
|
| 082 |
0 |
|
|a 309.1675
|2 23
|
| 110 |
2 |
|
|a International Monetary Fund,
|e author.
|
| 245 |
1 |
0 |
|a Republic of Congo :
|b 2014 article IV consultation-staff report; press release; and statement by the executive director for the Republic of Congo /
|c International Monetary Fund.
|
| 264 |
|
1 |
|a Washington, District of Columbia :
|b International Monetary Fund,
|c 2014.
|
| 264 |
|
4 |
|c 2014
|
| 300 |
|
|
|a 1 online resource (75 pages) :
|b illustrations, tables, graphs.
|
| 336 |
|
|
|a text
|2 rdacontent
|
| 337 |
|
|
|a computer
|2 rdamedia
|
| 338 |
|
|
|a online resource
|2 rdacarrier
|
| 490 |
1 |
|
|a IMF Country Report ;
|v Number 4/272
|
| 588 |
|
|
|a Description based on online resource; title from PDF title page (ebrary, viewed September 26, 2014).
|
| 590 |
|
|
|a Electronic reproduction. Ann Arbor, MI : ProQuest, 2015. Available via World Wide Web. Access may be limited to ProQuest affiliated libraries.
|
| 651 |
|
0 |
|a Congo (Democratic Republic)
|x Economic conditions.
|
| 655 |
|
4 |
|a Electronic books.
|
| 776 |
0 |
8 |
|i Print version:
|a International Monetary Fund.
|t Republic of Congo : 2014 article IV consultation-staff report; press release; and statement by the executive director for the Republic of Congo.
|d Washington, District of Columbia : International Monetary Fund, c2014
|h 3 pages
|k IMF country report ; Number 4/272.
|z 9781498347174
|
| 797 |
2 |
|
|a ProQuest (Firm)
|
| 830 |
|
0 |
|a IMF country report ;
|v Number 4/272.
|
| 856 |
4 |
0 |
|u https://ebookcentral.proquest.com/lib/matrademy/detail.action?docID=1790718
|z Click to View
|